PDC Hall Of Fame - Statistiken

Allgemein
  • Dieses Quiz wurde 50 mal gespielt
  • Das Durchschnittsergebnis liegt bei 6 aus 20
Antwortstatistiken
Jahr Funktion Nationalität Name % Korrekt
2011 Spieler England Phil Taylor
98%
2026 Master of Ceremonies England John McDonald
88%
2024 Caller England Russ Bray
75%
2026 Caller England George Noble
65%
2017 Spieler Kanada John Part
58%
2009 Spieler England Dennis Priestley
45%
2005 Spieler England Eric Bristow
40%
2005 Spieler England John Lowe
35%
2008 Kommentator England Sid Waddell
25%
2021 Funktionär England Barry Hearn
20%
2019 Spieler England Rod Harrington
15%
2013 Caller England Bruce Spendley
10%
2018 Moderator England Dave Clark
5%
2010 Funktionär England Dick Allix
5%
2006 Caller England Freddie Williams
5%
2014 Kommentator England John Gwynne
5%
2007 Funktionär England John Raby
5%
2010 Funktionär England Tommy Cox
5%
2008 Kommentator England Dave Lanning
3%
2007 Master of Ceremonies England Phil Jones
3%
Keine übereinstimmenden Quizze gefunden
Verteilung der Resultate
Anzahl Personen mit jedem Resultat
Perzentil nach korrekt beantworteten Fragen
Ihre Resultats-Entwicklung
Sie haben dieses Quiz noch nicht gespielt